00303nam a2200121 a 450000500170000000800410001702000180005805000170007624500190009326000320011230000090014444000280015320140412111238.0091205s19uu xx 00 eng d a0-439-44530-2 aERbG62 2002 aYankee Doodle. aU.S.A :bScholastic,c2002. aunp. aSing and Read Storybook